000 00515nam a2200193Ia 4500
005 20250423100627.0
008 250422s9999 xx 000 0 und d
020 _a9780073397900
050 _aTD 145 .D38/
100 _aDavis, Mackenzie L.
245 0 _aPrinciples of environmental engineering & science
250 _a3rd ed.
260 _aNew York
260 _bMcGraw-Hill Education
260 _c2014
300 _a848 p
650 _aEnvironmental engineering. Environmental sciences.
942 _cBK
999 _c33876
_d33876